Xử lý nước cấp sinh hoạt và công nghiệp

Salvato in:
Dettagli Bibliografici
Autore principale: Nguyễn, Thị Thu Thủy
Natura: Libro
Lingua:Undetermined
Pubblicazione: Hà Nội Khoa học và Kỹ thuật 2005
Soggetti:
Tags: Aggiungi Tag
Nessun Tag, puoi essere il primo ad aggiungerne! !
Thư viện lưu trữ: Trung tâm Học liệu Trường Đại học Cần Thơ
LEADER 00621nam a2200205Ia 4500
001 CTU_87511
008 210402s9999 xx 000 0 und d
020 |c 32000 
082 |a 628.162 
082 |b Th523 
100 |a Nguyễn, Thị Thu Thủy 
245 0 |a Xử lý nước cấp sinh hoạt và công nghiệp 
245 0 |c Nguyễn Thị Thu Thủy 
260 |a Hà Nội 
260 |b Khoa học và Kỹ thuật 
260 |c 2005 
650 |a Water,Water supply 
650 |x Purification,Filtration 
904 |i Tuyến 
980 |a Trung tâm Học liệu Trường Đại học Cần Thơ